000 00633nam a22002052 4500
001 0000007286
005 20151217155833.0
008 071218s xx 000 0 eng d
020 _a9966250948 :
_cKES 240
040 _aKABU
_cKABU
100 1 _aNdege, Peter.
_@0000158507
245 1 0 _aOlonana Ole Mbatian /
_cPeter Ndege.
260 _aNairobi :
_bE. A. E. P.,
_c2003.
300 _aix, 100 p.
650 0 _aMbatian, Olonana Ole.
_@0000158508
650 0 _aMasai (African people)
_vBigraphy
_xKings and rulers.
_@0000158509
908 _a071218
950 _@1
999 _c13067
_d13067